[Event "Vienna Open"]
[Site "Baden bei Wien AUT"]
[Date "1995.10.31"]
[EventDate "?"]
[Round "2"]
[Result "1-0"]
[White "Georg Danner"]
[Black "Milan Kolesar"]
[WhiteElo "2415"]
[BlackElo "2240"]
[PlyCount "118"]

1. d4 d5 2. Nf3 Nf6 3. e3 Bf5 4. c4 c6 5. cxd5 cxd5 6. Qb3 Qc7 7. Bd2 e6 8.  Bb5+ Nc6 9. Bb4 Bxb4+ 10. Qxb4 Qe7 11. Bxc6+ bxc6 12. Qxe7+ Kxe7 13. Nc3 Nd7  14. Na4 Rhc8 15. Rc1 Be4 16. Ke2 Bxf3+ 17. Kxf3 Kd6 18. Rc3 e5 19. Rd1 exd4 20.  Rxd4 Rab8 21. b3 f5 22. h3 Nf6 23. Rc2 Ne4 24. Nc3 a5 25. Ra4 Ra8 26. g4 Rf8  27. gxf5 Rxf5+ 28. Kg2 Nc5 29. Rd4 Rb8 30. Ne2 Rb4 31. f3 Ne6 32. Rg4 Rxg4+ 33.  hxg4 Rf7 34. f4 g6 35. Kg3 c5 36. Rd2 Kc6 37. Nc1 d4 38. Nd3 Kb6 39. Ne5 Re7  40. Rd3 dxe3 41. Rxe3 Kc7 42. Nc4 a4 43. bxa4 Kc6 44. Kh4 Ra7 45. Rxe6+ Kd5 46.  f5 gxf5 47. gxf5 Kxc4 48. f6 Kd5 49. Re2 Rxa4+ 50. Kg5 Ra7 51. a4 Kd6 52. Kf5  c4 53. Re6+ Kd5 54. Re7 Rxa4 55. f7 Ra1 56. Re5+ Kc6 57. Kf6 Ra8 58. Re8 Ra1  59. Ke5 1-0